[Event "Irena Warakomska Memorial A"]
[Site "Suwalki"]
[Date "2018.08.08"]
[Round "9"]
[White "Dzhuguryan, Tygran"]
[Black "Szostko, Jakub"]
[Result "1-0"]
[Board "24"]
[WhiteElo "2178"]
[WhiteCountry "POL"]
[WhiteFideId "21872988"]
[WhiteEloChange "13"]
[BlackElo "2295"]
[BlackTitle "FM"]
[BlackCountry "POL"]
[BlackFideId "1174282"]
[BlackEloChange "-13"]

1. d4 {[%clk 1:30:57]} Nf6 {[%clk 1:30:55]} 2. c4 {[%clk 1:31:23]} g6 {[%clk
1:31:19]} 3. Nc3 {[%clk 1:31:47]} Bg7 {[%clk 1:31:45]} 4. e4 {[%clk 1:32:11]} d6
{[%clk 1:32:09]} 5. h3 {[%clk 1:32:36]} O-O {[%clk 1:32:33]} 6. Be3 {[%clk
1:33:03]} c5 {[%clk 1:31:26]} 7. d5 {[%clk 1:33:28]} e6 {[%clk 1:30:22]} 8. Bd3
{[%clk 1:33:25]} exd5 {[%clk 1:30:10]} 9. cxd5 {[%clk 1:33:52]} a6 {[%clk
1:29:10]} 10. a4 {[%clk 1:34:11]} Re8 {[%clk 1:26:40]} 11. Nf3 {[%clk 1:34:34]}
Nbd7 {[%clk 0:52:05]} 12. O-O {[%clk 1:34:50]} c4 {[%clk 0:50:38]} 13. Bc2 {[%clk
1:34:54]} Rb8 {[%clk 0:48:50]} 14. a5 {[%clk 1:32:20]} Qc7 {[%clk 0:44:22]} 15.
Ba7 {[%clk 1:28:14]} Ra8 {[%clk 0:44:14]} 16. Bd4 {[%clk 1:28:37]} Nc5 {[%clk
0:42:38]} 17. Re1 {[%clk 1:24:47]} Nh5 {[%clk 0:35:07]} 18. Bxg7 {[%clk 1:24:30]}
Nxg7 {[%clk 0:35:24]} 19. Qd4 {[%clk 1:22:45]} Nb3 {[%clk 0:24:49]} 20. Bxb3
{[%clk 1:23:00]} cxb3 {[%clk 0:25:18]} 21. Na4 {[%clk 1:21:35]} Bd7 {[%clk
0:24:29]} 22. Nb6 {[%clk 1:21:42]} Rab8 {[%clk 0:23:55]} 23. Rac1 {[%clk
1:21:59]} Qd8 {[%clk 0:24:16]} 24. Rc3 {[%clk 1:21:55]} Bb5 {[%clk 0:20:49]} 25.
Rxb3 {[%clk 1:21:44]} Nh5 {[%clk 0:20:46]} 26. Rbe3 {[%clk 1:15:46]} Nf4 {[%clk
0:18:23]} 27. Kh2 {[%clk 1:16:10]} Nd3 {[%clk 0:17:42]} 28. Rxd3 {[%clk 1:16:17]}
Bxd3 {[%clk 0:18:07]} 29. Qxd3 {[%clk 1:16:44]} Qc7 {[%clk 0:16:17]} 30. b4
{[%clk 1:16:42]} Rbd8 {[%clk 0:14:50]} 31. Qd2 {[%clk 1:16:08]} Qe7 {[%clk
0:12:47]} 32. Qf4 {[%clk 1:16:18]} Qf8 {[%clk 0:09:53]} 33. Qf6 {[%clk 1:16:00]}
Qg7 {[%clk 0:08:47]} 34. Qxg7+ {[%clk 1:16:23]} Kxg7 {[%clk 0:09:15]} 35. Nd4
{[%clk 1:16:42]} Re7 {[%clk 0:08:16]} 36. Kg3 {[%clk 1:12:39]} Rde8 {[%clk
0:07:40]} 37. Kf4 {[%clk 1:13:03]} Kf6 {[%clk 0:06:56]} 38. h4 {[%clk 1:12:20]}
h6 {[%clk 0:06:44]} 39. g4 {[%clk 1:11:56]} g5+ {[%clk 0:06:51]} 40. hxg5+ {[%clk
1:42:19]} hxg5+ {[%clk 0:37:19]} 41. Kf3 {[%clk 1:41:34]} Rc7 {[%clk 0:35:29]}
42. Nf5 {[%clk 1:41:22]} Ke5 {[%clk 0:35:02]} 43. Ne3 {[%clk 1:40:37]} Rd8 {[%clk
0:33:14]} 44. Nbc4+ {[%clk 1:39:00]} Kf6 {[%clk 0:32:15]} 45. Rh1 {[%clk
1:39:17]} 1-0

[Event "Irena Warakomska Memorial A"]
[Site "Suwalki"]
[Date "2018.08.08"]
[Round "9"]
[White "Grib, Roman"]
[Black "Walkusz, Witoslaw"]
[Result "1-0"]
[Board "26"]
[WhiteElo "2445"]
[WhiteTitle "IM"]
[WhiteCountry "BLR"]
[WhiteFideId "13506706"]
[WhiteEloChange "2"]
[BlackElo "2166"]
[BlackTitle "FM"]
[BlackCountry "POL"]
[BlackFideId "1106570"]
[BlackEloChange "-3"]

1. d4 {[%clk 1:30:51]} f5 {[%clk 1:30:24]} 2. g3 {[%clk 1:31:12]} Nf6 {[%clk
1:30:45]} 3. Bg2 {[%clk 1:31:29]} g6 {[%clk 1:30:54]} 4. Nf3 {[%clk 1:31:03]} Bg7
{[%clk 1:31:18]} 5. O-O {[%clk 1:31:29]} O-O {[%clk 1:31:32]} 6. b3 {[%clk
1:31:44]} d6 {[%clk 1:29:10]} 7. Bb2 {[%clk 1:29:48]} c6 {[%clk 1:19:13]} 8. Nbd2
{[%clk 1:25:05]} Na6 {[%clk 1:15:46]} 9. Ne1 {[%clk 1:20:25]} Nh5 {[%clk
0:49:05]} 10. Nd3 {[%clk 1:10:05]} f4 {[%clk 0:47:35]} 11. e3 {[%clk 1:10:10]}
fxe3 {[%clk 0:46:24]} 12. fxe3 {[%clk 1:10:36]} Rxf1+ {[%clk 0:44:01]} 13. Nxf1
{[%clk 1:10:52]} Qb6 {[%clk 0:38:27]} 14. a4 {[%clk 1:08:27]} Bd7 {[%clk
0:34:21]} 15. a5 {[%clk 1:07:21]} Qc7 {[%clk 0:34:49]} 16. e4 {[%clk 0:59:39]}
Rf8 {[%clk 0:33:01]} 17. Ne3 {[%clk 0:54:02]} Qc8 {[%clk 0:32:21]} 18. Bf3 {[%clk
0:50:41]} Nf6 {[%clk 0:27:14]} 19. e5 {[%clk 0:48:44]} Bh6 {[%clk 0:25:12]} 20.
Nc4 {[%clk 0:32:30]} dxe5 {[%clk 0:17:51]} 21. Ndxe5 {[%clk 0:28:54]} Be6 {[%clk
0:15:46]} 22. Qe2 {[%clk 0:32:31]} Bd5 {[%clk 0:14:17]} 23. Ng4 {[%clk 0:26:33]}
Bg7 {[%clk 0:13:34]} 24. Nge5 {[%clk 0:11:40]} Bxf3 {[%clk 0:13:16]} 25. Nxf3
{[%clk 0:10:05]} Nd5 {[%clk 0:06:50]} 26. Nce5 {[%clk 0:08:28]} Qf5 {[%clk
0:06:28]} 27. c4 {[%clk 0:08:20]} Nf6 {[%clk 0:04:58]} 28. Rf1 {[%clk 0:07:30]}
Qe4 {[%clk 0:03:31]} 29. Re1 {[%clk 0:07:07]} Qxe2 {[%clk 0:04:44]} 30. Rxe2
{[%clk 0:07:34]} Ng4 {[%clk 0:03:54]} 31. Kg2 {[%clk 0:05:51]} Nxe5 {[%clk
0:03:57]} 32. Nxe5 {[%clk 0:05:51]} Bxe5 {[%clk 0:01:40]} 33. Rxe5 {[%clk
0:06:41]} Rf7 {[%clk 0:02:04]} 34. Ba3 {[%clk 0:01:51]} Kf8 {[%clk 0:02:26]} 35.
h4 {[%clk 0:02:08]} Ke8 {[%clk 0:01:51]} 36. h5 {[%clk 0:02:26]} gxh5 {[%clk
0:01:35]} 37. Rxh5 {[%clk 0:02:48]} Kd7 {[%clk 0:01:20]} 38. d5 {[%clk 0:02:38]}
c5 {[%clk 0:01:12]} 39. Rh6 {[%clk 0:03:02]} Kc7 {[%clk 0:30:48]} 40. g4 {[%clk
0:31:47]} b6 {[%clk 0:31:13]} 41. axb6+ {[%clk 0:30:35]} axb6 {[%clk 0:31:37]}
42. Kg3 {[%clk 0:23:39]} Kb7 {[%clk 0:27:15]} 43. Bc1 {[%clk 0:23:19]} Nb4 {[%clk
0:26:25]} 44. Re6 {[%clk 0:21:28]} Nc2 {[%clk 0:21:14]} 45. Bb2 {[%clk 0:20:13]}
Nb4 {[%clk 0:19:54]} 46. Bc3 {[%clk 0:19:29]} Na6 {[%clk 0:18:39]} 47. Bd2 {[%clk
0:18:06]} Nc7 {[%clk 0:18:47]} 48. Re1 {[%clk 0:16:24]} Kc8 {[%clk 0:12:46]} 49.
Bf4 {[%clk 0:16:14]} Ne8 {[%clk 0:12:15]} 50. Re6 {[%clk 0:16:06]} b5 {[%clk
0:09:16]} 51. Rc6+ {[%clk 0:14:55]} Kd7 {[%clk 0:08:36]} 52. cxb5 {[%clk
0:12:50]} Nf6 {[%clk 0:07:57]} 53. Rc7+ {[%clk 0:08:52]} Kd8 {[%clk 0:08:45]} 54.
b6 {[%clk 0:09:44]} Ne4+ {[%clk 0:06:04]} 55. Kf3 {[%clk 0:10:08]} Rf6 {[%clk
0:02:02]} 56. Kxe4 {[%clk 0:09:48]} Rxb6 {[%clk 0:02:23]} 57. Rxc5 {[%clk
0:09:57]} Rxb3 {[%clk 0:02:47]} 58. Kf5 {[%clk 0:10:00]} Rf3 {[%clk 0:02:27]} 59.
Rc6 {[%clk 0:10:02]} 1-0

[Event "Irena Warakomska Memorial A"]
[Site "Suwalki"]
[Date "2018.08.08"]
[Round "9"]
[White "Oglaza, Oskar"]
[Black "Tarun V Kanth"]
[Result "1-0"]
[Board "27"]
[WhiteElo "2344"]
[WhiteTitle "FM"]
[WhiteCountry "POL"]
[WhiteFideId "1194402"]
[WhiteEloChange "4"]
[BlackElo "2086"]
[BlackCountry "IND"]
[BlackFideId "25012185"]
[BlackEloChange "-4"]

1. d4 {[%clk 1:28:20]} d5 {[%clk 1:30:49]} 2. c4 {[%clk 1:28:39]} e6 {[%clk
1:31:12]} 3. Nc3 {[%clk 1:28:28]} Nf6 {[%clk 1:31:32]} 4. cxd5 {[%clk 1:28:46]}
exd5 {[%clk 1:32:00]} 5. Bg5 {[%clk 1:29:07]} c6 {[%clk 1:32:20]} 6. Qc2 {[%clk
1:29:10]} Be7 {[%clk 1:32:41]} 7. e3 {[%clk 1:29:11]} Nbd7 {[%clk 1:32:57]} 8.
Bd3 {[%clk 1:29:07]} Nh5 {[%clk 1:33:19]} 9. Bxe7 {[%clk 1:29:19]} Qxe7 {[%clk
1:33:46]} 10. Nge2 {[%clk 1:29:28]} g6 {[%clk 1:32:25]} 11. O-O {[%clk 1:29:40]}
O-O {[%clk 1:32:46]} 12. Rae1 {[%clk 1:29:59]} Nb6 {[%clk 1:25:19]} 13. Nc1
{[%clk 1:27:52]} f5 {[%clk 1:19:39]} 14. f3 {[%clk 1:26:38]} Be6 {[%clk 1:13:51]}
15. Nb3 {[%clk 1:25:41]} Nd7 {[%clk 1:05:16]} 16. g3 {[%clk 1:14:57]} Rae8 {[%clk
1:02:47]} 17. Rf2 {[%clk 0:55:19]} b6 {[%clk 0:51:32]} 18. Qd2 {[%clk 0:37:03]}
Rc8 {[%clk 0:35:38]} 19. Nc1 {[%clk 0:23:21]} Qg7 {[%clk 0:33:39]} 20. b4 {[%clk
0:22:24]} c5 {[%clk 0:28:24]} 21. Ba6 {[%clk 0:19:10]} Rcd8 {[%clk 0:26:09]} 22.
bxc5 {[%clk 0:12:05]} bxc5 {[%clk 0:26:33]} 23. Nb3 {[%clk 0:10:41]} c4 {[%clk
0:25:41]} 24. Nc5 {[%clk 0:10:01]} Nxc5 {[%clk 0:19:42]} 25. dxc5 {[%clk
0:10:27]} Qc7 {[%clk 0:16:29]} 26. Qd4 {[%clk 0:10:02]} Nxg3 {[%clk 0:15:16]} 27.
hxg3 {[%clk 0:03:50]} Qxg3+ {[%clk 0:15:44]} 28. Kf1 {[%clk 0:04:15]} f4 {[%clk
0:16:10]} 29. Bb7 {[%clk 0:04:16]} Rfe8 {[%clk 0:06:18]} 30. Ke2 {[%clk 0:01:19]}
Bf7 {[%clk 0:02:19]} 31. Kf1 {[%clk 0:01:32]} Qh3+ {[%clk 0:02:09]} 32. Rg2
{[%clk 0:01:06]} Qh1+ {[%clk 0:00:59]} 33. Kf2 {[%clk 0:01:31]} Qh4+ {[%clk
0:01:20]} 34. Kf1 {[%clk 0:01:57]} Qh1+ {[%clk 0:01:08]} 35. Kf2 {[%clk 0:02:21]}
fxe3+ {[%clk 0:00:49]} 36. Rxe3 {[%clk 0:02:42]} Rxe3 {[%clk 0:01:16]} 37. Qxe3
{[%clk 0:01:24]} Qh4+ {[%clk 0:01:02]} 38. Kf1 {[%clk 0:01:39]} d4 {[%clk
0:00:44]} 39. Qf2 {[%clk 0:01:19]} Qh1+ {[%clk 0:00:40]} 40. Rg1 {[%clk 0:30:40]}
Qh3+ {[%clk 0:31:09]} 41. Qg2 {[%clk 0:30:59]} Qh6 {[%clk 0:18:04]} 42. Ne4
{[%clk 0:24:38]} Qc1+ {[%clk 0:17:52]} 43. Kf2 {[%clk 0:25:05]} Qb2+ {[%clk
0:18:16]} 44. Kf1 {[%clk 0:25:27]} Qxb7 {[%clk 0:16:14]} 45. Qg5 {[%clk 0:25:51]}
Rb8 {[%clk 0:15:03]} 46. Qe5 {[%clk 0:24:53]} Be8 {[%clk 0:11:31]} 47. Nf6+
{[%clk 0:10:57]} Kf7 {[%clk 0:08:36]} 48. Nd5 {[%clk 0:11:13]} Kg8 {[%clk
0:05:54]} 49. Nf6+ {[%clk 0:01:51]} Kf7 {[%clk 0:06:24]} 50. Nd5 {[%clk 0:01:47]}
Kg8 {[%clk 0:06:48]} 51. Qxd4 {[%clk 0:01:02]} Qb2 {[%clk 0:03:48]} 52. Qf4
{[%clk 0:00:48]} c3 {[%clk 0:01:03]} 53. Ne7+ {[%clk 0:00:45]} Kg7 {[%clk
0:01:03]} 54. Nf5+ {[%clk 0:01:05]} Kf6 {[%clk 0:01:42]} 55. Nh6+ {[%clk
0:01:25]} Kg7 {[%clk 0:01:13]} 56. Qe5+ {[%clk 0:01:45]} Kxh6 {[%clk 0:01:29]}
57. Rh1+ {[%clk 0:02:11]} Qh2 {[%clk 0:01:54]} 58. Rxh2# {[%clk 0:02:38]} 1-0

[Event "Irena Warakomska Memorial A"]
[Site "Suwalki"]
[Date "2018.08.08"]
[Round "9"]
[White "Goluch, Piotr"]
[Black "Fus, Jakub"]
[Result "1-0"]
[Board "28"]
[WhiteElo "2332"]
[WhiteTitle "FM"]
[WhiteCountry "POL"]
[WhiteFideId "1137840"]
[WhiteEloChange "6"]
[BlackElo "2195"]
[BlackCountry "POL"]
[BlackFideId "1193023"]
[BlackEloChange "-6"]

1. e4 {[%clk 1:30:30]} e5 {[%clk 1:30:44]} 2. Nf3 {[%clk 1:30:54]} Nc6 {[%clk
1:30:58]} 3. Bb5 {[%clk 1:31:19]} a6 {[%clk 1:31:03]} 4. Ba4 {[%clk 1:31:44]} Nf6
{[%clk 1:31:12]} 5. d3 {[%clk 1:32:09]} b5 {[%clk 1:31:16]} 6. Bb3 {[%clk
1:32:34]} Be7 {[%clk 1:31:26]} 7. a4 {[%clk 1:31:56]} b4 {[%clk 1:31:35]} 8. Nbd2
{[%clk 1:30:02]} d6 {[%clk 1:31:19]} 9. Nc4 {[%clk 1:29:00]} Rb8 {[%clk 1:29:14]}
10. a5 {[%clk 1:25:33]} O-O {[%clk 1:29:19]} 11. h3 {[%clk 1:25:22]} Nd7 {[%clk
1:20:42]} 12. Be3 {[%clk 1:25:28]} Bf6 {[%clk 1:20:35]} 13. O-O {[%clk 1:20:48]}
Bb7 {[%clk 1:19:06]} 14. Re1 {[%clk 1:19:03]} Nc5 {[%clk 1:16:35]} 15. Bxc5
{[%clk 1:19:28]} dxc5 {[%clk 1:16:35]} 16. Ba4 {[%clk 1:19:48]} Qe7 {[%clk
1:16:49]} 17. Bxc6 {[%clk 1:19:41]} Bxc6 {[%clk 1:17:14]} 18. Qe2 {[%clk
1:14:12]} g6 {[%clk 1:11:09]} 19. Qe3 {[%clk 1:14:37]} Bb5 {[%clk 1:10:16]} 20.
Rad1 {[%clk 1:12:46]} Rfd8 {[%clk 1:09:53]} 21. Nfd2 {[%clk 1:11:43]} Bg5 {[%clk
1:09:46]} 22. Qf3 {[%clk 1:12:08]} Bxd2 {[%clk 0:53:17]} 23. Nxd2 {[%clk
1:12:08]} Bd7 {[%clk 0:53:17]} 24. Qg3 {[%clk 1:12:08]} f6 {[%clk 0:53:17]} 25.
f4 {[%clk 1:12:28]} exf4 {[%clk 0:52:19]} 26. Qxf4 {[%clk 1:12:52]} Be6 {[%clk
0:52:33]} 27. e5 {[%clk 1:07:07]} f5 {[%clk 0:52:01]} 28. Nf3 {[%clk 1:07:32]}
Rd7 {[%clk 0:48:57]} 29. b3 {[%clk 1:07:41]} Rbd8 {[%clk 0:45:17]} 30. h4 {[%clk
1:07:40]} Kh8 {[%clk 0:43:42]} 31. Kf2 {[%clk 0:58:29]} Rg8 {[%clk 0:39:24]} 32.
Rh1 {[%clk 0:57:41]} Rd5 {[%clk 0:36:21]} 33. Rde1 {[%clk 0:57:11]} Rd7 {[%clk
0:33:48]} 34. Re3 {[%clk 0:57:04]} Rdd8 {[%clk 0:31:24]} 35. Rh3 {[%clk 0:57:08]}
Rd7 {[%clk 0:28:04]} 36. Rg3 {[%clk 0:57:33]} Rdd8 {[%clk 0:28:13]} 37. Re1
{[%clk 0:56:40]} Rg7 {[%clk 0:26:48]} 38. Qh6 {[%clk 0:50:42]} Rf8 {[%clk
0:22:04]} 39. h5 {[%clk 0:41:34]} Rfg8 {[%clk 0:20:02]} 40. Rxg6 {[%clk 0:41:48]}
Rxg6 {[%clk 0:20:11]} 41. hxg6 {[%clk 0:41:48]} Rxg6 {[%clk 0:20:31]} 42. Qh4
{[%clk 0:42:08]} Qxh4+ {[%clk 0:11:06]} 43. Nxh4 {[%clk 0:42:08]} Rg4 {[%clk
0:11:20]} 44. Nf3 {[%clk 0:42:32]} Kg7 {[%clk 0:11:44]} 45. Nh2 {[%clk 0:39:14]}
Rh4 {[%clk 0:10:06]} 46. Kg3 {[%clk 0:38:41]} Rh6 {[%clk 0:09:59]} 47. Nf3 {[%clk
0:38:07]} Rg6+ {[%clk 0:10:19]} 48. Kf2 {[%clk 0:38:31]} Rg4 {[%clk 0:10:33]} 49.
Rh1 {[%clk 0:36:27]} Bd5 {[%clk 0:09:43]} 50. e6 {[%clk 0:34:13]} Bxe6 {[%clk
0:05:07]} 51. Re1 {[%clk 0:34:38]} Kf6 {[%clk 0:04:55]} 52. Rh1 {[%clk 0:24:55]}
Kg7 53. Re1 {[%clk 0:25:09]} Kf6 54. Rh1 {[%clk 0:25:09]} Bg8 55. Rh6+ {[%clk
0:25:33]} Rg6 56. Rh4 {[%clk 0:25:33]} Rg4 57. Rh6+ {[%clk 0:25:58]} Rg6 58. Rh4
{[%clk 0:25:58]} Ke6 59. d4 {[%clk 0:25:51]} Kd6 60. dxc5+ {[%clk 0:26:11]} Kxc5
61. Ne5 {[%clk 0:26:25]} Rd6 62. Nd3+ {[%clk 0:26:37]} Kb5 63. Rxb4+ {[%clk
0:27:01]} Kxa5 64. Rb8 {[%clk 0:27:21]} Bd5 65. Nc5 {[%clk 0:02:40]} Rb6 66. Rd8
{[%clk 0:03:00]} Rd6 67. Rb8 {[%clk 0:03:14]} Rb6 68. Rd8 {[%clk 0:03:38]} c6 69.
Nd3 {[%clk 0:01:39]} Rb7 70. g3 {[%clk 0:01:58]} Be4 71. Nc5 {[%clk 0:02:18]} Re7
72. Rb8 {[%clk 0:02:31]} 1-0

[Event "Irena Warakomska Memorial A"]
[Site "Suwalki"]
[Date "2018.08.08"]
[Round "9"]
[White "Marszalek, Maciej"]
[Black "Wacior, Maciej"]
[Result "1-0"]
[Board "29"]
[WhiteElo "2266"]
[WhiteCountry "POL"]
[WhiteFideId "1119095"]
[WhiteEloChange "6"]
[BlackElo "2110"]
[BlackCountry "POL"]
[BlackFideId "1127454"]
[BlackEloChange "-6"]

1. Nf3 {[%clk 1:30:56]} Nf6 {[%clk 1:30:53]} 2. d4 {[%clk 1:31:20]} d5 {[%clk
1:31:20]} 3. c4 {[%clk 1:31:44]} e6 {[%clk 1:31:45]} 4. g3 {[%clk 1:31:28]} c6
{[%clk 1:32:08]} 5. Bg2 {[%clk 1:31:04]} Bd6 {[%clk 1:32:23]} 6. O-O {[%clk
1:30:53]} Nbd7 {[%clk 1:32:43]} 7. Qd3 {[%clk 1:28:47]} O-O {[%clk 1:28:34]} 8.
Nc3 {[%clk 1:27:17]} dxc4 {[%clk 1:23:39]} 9. Qxc4 {[%clk 1:27:42]} e5 {[%clk
1:24:08]} 10. Rd1 {[%clk 1:23:36]} Qc7 {[%clk 1:24:00]} 11. Bg5 {[%clk 1:21:46]}
h6 {[%clk 1:18:48]} 12. Bxf6 {[%clk 1:18:36]} Nxf6 {[%clk 1:19:15]} 13. dxe5
{[%clk 1:18:40]} Bxe5 {[%clk 1:19:39]} 14. Nxe5 {[%clk 1:19:04]} Qxe5 {[%clk
1:20:06]} 15. Qd4 {[%clk 1:18:43]} Qh5 {[%clk 1:18:27]} 16. Rd2 {[%clk 1:16:47]}
Bh3 {[%clk 1:11:48]} 17. Rad1 {[%clk 1:12:34]} Rfe8 {[%clk 1:06:09]} 18. f3
{[%clk 1:07:29]} Be6 {[%clk 0:55:17]} 19. e4 {[%clk 1:06:32]} Qa5 {[%clk
0:54:52]} 20. Bf1 {[%clk 0:56:00]} Rad8 {[%clk 0:50:21]} 21. Qf2 {[%clk 0:51:27]}
a6 {[%clk 0:37:21]} 22. Kg2 {[%clk 0:48:43]} h5 {[%clk 0:34:52]} 23. h4 {[%clk
0:48:23]} Rd7 {[%clk 0:34:08]} 24. Rxd7 {[%clk 0:46:50]} Nxd7 {[%clk 0:32:31]}
25. f4 {[%clk 0:39:54]} Bg4 {[%clk 0:32:03]} 26. Rd2 {[%clk 0:39:29]} b5 {[%clk
0:23:09]} 27. a3 {[%clk 0:38:37]} Qc7 {[%clk 0:22:18]} 28. b4 {[%clk 0:26:47]} a5
{[%clk 0:21:43]} 29. Kh2 {[%clk 0:23:37]} axb4 {[%clk 0:18:19]} 30. axb4 {[%clk
0:24:04]} Ra8 {[%clk 0:18:36]} 31. Bg2 {[%clk 0:23:51]} Ra3 {[%clk 0:17:30]} 32.
Rd3 {[%clk 0:16:06]} Qb6 {[%clk 0:14:38]} 33. Qb2 {[%clk 0:16:14]} Ra7 {[%clk
0:13:25]} 34. e5 {[%clk 0:15:31]} Be6 {[%clk 0:12:58]} 35. Rd6 {[%clk 0:14:47]}
Qe3 {[%clk 0:10:48]} 36. Bxc6 {[%clk 0:13:23]} Nb6 {[%clk 0:09:28]} 37. Bxb5
{[%clk 0:09:52]} g5 {[%clk 0:09:50]} 38. Rd3 {[%clk 0:06:47]} Qe1 {[%clk
0:10:04]} 39. Rd1 {[%clk 0:07:04]} Qe3 {[%clk 0:10:29]} 40. Qd2 {[%clk 0:35:59]}
Qxd2+ {[%clk 0:39:37]} 41. Rxd2 {[%clk 0:36:28]} gxf4 {[%clk 0:40:03]} 42. gxf4
{[%clk 0:36:53]} Ra3 {[%clk 0:40:32]} 43. Rd3 {[%clk 0:35:33]} Rb3 {[%clk
0:40:41]} 44. Ne4 {[%clk 0:32:38]} Rb2+ {[%clk 0:39:45]} 45. Kg1 {[%clk 0:31:02]}
Rb1+ {[%clk 0:38:27]} 46. Kf2 {[%clk 0:31:03]} Rb2+ {[%clk 0:38:55]} 47. Ke1
{[%clk 0:27:09]} Nd5 {[%clk 0:35:52]} 48. Rxd5 {[%clk 0:27:26]} Bxd5 {[%clk
0:34:52]} 49. Nf6+ {[%clk 0:27:46]} Kg7 {[%clk 0:35:21]} 50. Nxd5 {[%clk
0:28:08]} Rh2 {[%clk 0:35:47]} 51. Be2 {[%clk 0:28:11]} Rxh4 {[%clk 0:36:05]} 52.
b5 {[%clk 0:28:29]} Rh3 {[%clk 0:36:15]} 53. b6 {[%clk 0:28:14]} h4 {[%clk
0:36:37]} 54. Kd2 {[%clk 0:27:29]} Ra3 {[%clk 0:35:58]} 55. b7 {[%clk 0:27:35]}
Rb3 {[%clk 0:36:26]} 56. Ne3 {[%clk 0:26:26]} Rxb7 {[%clk 0:36:11]} 57. Nf5+
{[%clk 0:26:54]} Kf8 {[%clk 0:36:35]} 58. Nxh4 {[%clk 0:27:19]} Rb6 {[%clk
0:35:56]} 59. Bc4 {[%clk 0:26:59]} Rb2+ {[%clk 0:35:16]} 60. Ke3 {[%clk 0:26:39]}
Rc2 {[%clk 0:35:28]} 61. Bd5 {[%clk 0:25:37]} Rc3+ {[%clk 0:35:52]} 62. Ke4
{[%clk 0:25:52]} Rh3 {[%clk 0:36:06]} 63. Nf5 {[%clk 0:26:14]} Rh1 {[%clk
0:36:16]} 64. Nd6 {[%clk 0:25:29]} Re1+ {[%clk 0:36:21]} 65. Kf5 {[%clk 0:25:18]}
f6 {[%clk 0:36:48]} 66. Kxf6 {[%clk 0:24:47]} 1-0

[Event "Irena Warakomska Memorial A"]
[Site "Suwalki"]
[Date "2018.08.08"]
[Round "9"]
[White "Pietruszewski, Marcin"]
[Black "Bykovskiy, Oleg"]
[Result "0-1"]
[Board "30"]
[WhiteElo "2208"]
[WhiteCountry "POL"]
[WhiteFideId "1170295"]
[WhiteEloChange "-8"]
[BlackElo "2261"]
[BlackTitle "FM"]
[BlackCountry "UKR"]
[BlackFideId "14129825"]
[BlackEloChange "8"]

1. e4 {[%clk 1:30:28]} e6 {[%clk 1:30:45]} 2. d4 {[%clk 1:30:49]} b6 {[%clk
1:31:10]} 3. Nc3 {[%clk 1:27:24]} Bb7 {[%clk 1:30:30]} 4. Bd3 {[%clk 1:24:45]}
Nf6 {[%clk 1:30:04]} 5. Nf3 {[%clk 1:20:28]} Bb4 {[%clk 1:30:28]} 6. Qe2 {[%clk
1:17:53]} d5 {[%clk 1:30:52]} 7. exd5 {[%clk 1:17:25]} Bxc3+ {[%clk 1:31:11]} 8.
bxc3 {[%clk 1:17:49]} Qxd5 {[%clk 1:31:39]} 9. O-O {[%clk 0:49:33]} O-O {[%clk
1:27:05]} 10. Bg5 {[%clk 0:35:02]} Nbd7 {[%clk 1:26:16]} 11. c4 {[%clk 0:35:27]}
Qa5 {[%clk 1:26:32]} 12. Ne5 {[%clk 0:15:41]} h6 {[%clk 1:22:47]} 13. Bd2 {[%clk
0:08:13]} Qa4 {[%clk 1:21:09]} 14. f4 {[%clk 0:06:52]} Rad8 {[%clk 1:18:28]} 15.
c3 {[%clk 0:04:59]} c5 {[%clk 1:17:34]} 16. Rad1 {[%clk 0:02:23]} Rfe8 {[%clk
1:15:59]} 17. Bc1 {[%clk 0:02:30]} Nb8 {[%clk 1:08:02]} 18. f5 {[%clk 0:00:36]}
cxd4 {[%clk 1:06:48]} 19. cxd4 {[%clk 0:00:46]} Nc6 {[%clk 1:07:09]} 20. Bb2
{[%clk 0:00:37]} exf5 {[%clk 1:04:55]} 21. Bxf5 {[%clk 0:00:34]} Qb4 {[%clk
0:56:14]} 22. Bb1 {[%clk 0:00:32]} Nxe5 {[%clk 0:49:41]} 23. dxe5 {[%clk
0:00:43]} Qc5+ {[%clk 0:50:01]} 24. Kh1 {[%clk 0:00:42]} Rxd1 {[%clk 0:50:21]}
25. Rxd1 {[%clk 0:00:34]} Qc6 {[%clk 0:50:30]} 26. Qf2 {[%clk 0:00:32]} Ng4
{[%clk 0:50:14]} 27. Qc2 {[%clk 0:00:35]} g6 {[%clk 0:42:54]} 28. Re1 {[%clk
0:00:33]} Qc5 {[%clk 0:42:00]} 29. e6 {[%clk 0:00:32]} Nf2+ {[%clk 0:38:53]} 30.
Kg1 {[%clk 0:01:01]} Rxe6 {[%clk 0:39:10]} 31. Rxe6 {[%clk 0:00:32]} Nh3+ {[%clk
0:38:52]} 32. Kf1 {[%clk 0:00:59]} Qg1+ {[%clk 0:39:17]} 33. Ke2 {[%clk 0:01:27]}
Nf4+ {[%clk 0:37:32]} 34. Kd2 {[%clk 0:01:40]} Qxg2+ {[%clk 0:35:54]} 35. Kc3
{[%clk 0:01:59]} Qxc2+ {[%clk 0:36:18]} 36. Bxc2 {[%clk 0:02:27]} Nxe6 {[%clk
0:36:43]} 37. Kb4 {[%clk 0:02:51]} Bc6 {[%clk 0:37:07]} 38. Ba4 {[%clk 0:02:45]}
Bxa4 {[%clk 0:37:22]} 39. Kxa4 {[%clk 0:03:12]} f5 {[%clk 0:37:46]} 40. Kb5
{[%clk 0:32:57]} f4 {[%clk 1:07:43]} 41. Be5 {[%clk 0:31:21]} f3 {[%clk 1:02:07]}
42. Bg3 {[%clk 0:31:49]} Nc5 {[%clk 1:02:26]} 43. a4 {[%clk 0:30:23]} Kf7 {[%clk
1:00:57]} 44. Bf2 {[%clk 0:27:07]} Ne4 {[%clk 1:00:53]} 45. Bd4 {[%clk 0:24:02]}
Nd6+ {[%clk 0:59:40]} 46. Kb4 {[%clk 0:21:37]} Ke6 {[%clk 0:59:00]} 47. c5 {[%clk
0:21:52]} bxc5+ {[%clk 0:58:44]} 48. Kxc5 {[%clk 0:21:33]} Ne4+ {[%clk 0:58:49]}
49. Kc6 {[%clk 0:22:00]} f2 {[%clk 0:59:02]} 50. Bxf2 {[%clk 0:22:26]} Nxf2
{[%clk 0:59:28]} 51. a5 {[%clk 0:22:47]} Nd3 {[%clk 0:59:32]} 52. Kb7 {[%clk
0:23:12]} Kd7 {[%clk 0:59:47]} 53. Kxa7 {[%clk 0:23:37]} Kc6 {[%clk 1:00:06]} 54.
Kb8 {[%clk 0:23:47]} Nc5 {[%clk 1:00:29]} 55. Kc8 {[%clk 0:23:59]} g5 {[%clk
1:00:08]} 56. Kd8 {[%clk 0:24:24]} g4 {[%clk 0:59:58]} 57. Ke7 {[%clk 0:24:46]}
h5 {[%clk 1:00:24]} 58. Kf6 {[%clk 0:25:13]} h4 {[%clk 1:00:50]} 0-1

[Event "Irena Warakomska Memorial A"]
[Site "Suwalki"]
[Date "2018.08.08"]
[Round "9"]
[White "Bugalski, Michal"]
[Black "Dmochowska, Agnieszka"]
[Result "1-0"]
[Board "31"]
[WhiteElo "2263"]
[WhiteCountry "POL"]
[WhiteFideId "1122134"]
[WhiteEloChange "6"]
[BlackElo "2096"]
[BlackTitle "WCM"]
[BlackCountry "POL"]
[BlackFideId "1142984"]
[BlackEloChange "-6"]

1. e4 {[%clk 1:30:53]} c5 {[%clk 1:30:56]} 2. c3 {[%clk 1:31:19]} e6 {[%clk
1:31:22]} 3. d4 {[%clk 1:29:13]} d5 {[%clk 1:31:48]} 4. exd5 {[%clk 1:28:56]}
exd5 {[%clk 1:32:13]} 5. Nf3 {[%clk 1:29:09]} a6 {[%clk 1:32:16]} 6. Qe2+ {[%clk
1:17:48]} Qe7 {[%clk 1:25:07]} 7. dxc5 {[%clk 1:13:12]} Qxe2+ {[%clk 1:25:16]} 8.
Bxe2 {[%clk 1:13:29]} Bxc5 {[%clk 1:25:41]} 9. Nbd2 {[%clk 1:13:44]} Nc6 {[%clk
1:24:10]} 10. Nb3 {[%clk 1:13:42]} Bb6 {[%clk 1:24:31]} 11. Nfd4 {[%clk 1:07:58]}
Nf6 {[%clk 1:23:25]} 12. Be3 {[%clk 1:07:01]} Ng4 {[%clk 1:14:19]} 13. Bxg4
{[%clk 1:03:33]} Bxg4 {[%clk 1:14:40]} 14. Nxc6 {[%clk 1:03:51]} Bxe3 {[%clk
1:13:59]} 15. Ne5 {[%clk 1:04:16]} Bxf2+ {[%clk 1:09:45]} 16. Kxf2 {[%clk
1:04:30]} Be6 {[%clk 1:10:08]} 17. Rhe1 {[%clk 1:02:16]} O-O {[%clk 1:08:55]} 18.
Nd4 {[%clk 1:02:20]} b5 {[%clk 1:08:27]} 19. a4 {[%clk 1:00:39]} 1-0